000 00891nam a22003017a 4500
001 5504
003 FISKH
005 20241213111922.0
008 241213b cb ||||| |||| 00| 0 eng d
020 _a0590067567
040 _aFISKH
_beng
_cFISKH
_dFISKH
050 _aPN6728.C34
082 _a741.5973
100 _aWatterson, Bill
245 _aCalvin and Hobbes /
_cby Bill Watterson
260 _aNew York :
_bScholastic ;
_c1987.
300 _a127 pages :
_billustrations ;
_c23 cm .
490 _a Calvin and Hobbes
505 _aS
520 _aA collection of comic strips following the adventures of Calvin and his stuffed tiger Hobbes.
521 8 _a790
_bLexile estimate
521 8 _aS
_bRaz-Plus
650 _acartoons
_vFiction
650 _acomic strips
_vFiction
700 _aTrudeau, Garry
_eForeword
942 _2ddc
_cBK
_n0
999 _c5504
_d5504